Cricket : (Record no. 178811)
[ view plain ]
| 000 -LEADER | |
|---|---|
| fixed length control field | 00901 a2200241 4500 |
| 003 - CONTROL NUMBER IDENTIFIER | |
| control field | Nust |
| 005 - DATE AND TIME OF LATEST TRANSACTION | |
| control field | 20230131093551.0 |
| 010 ## - LIBRARY OF CONGRESS CONTROL NUMBER | |
| LC control number | 2005305407 |
| 020 ## - INTERNATIONAL STANDARD BOOK NUMBER | |
| International Standard Book Number | 0195978366 |
| 040 ## - CATALOGING SOURCE | |
| Transcribing agency | Nust |
| 082 ## - DEWEY DECIMAL CLASSIFICATION NUMBER | |
| Classification number | 796.358,KHA |
| 100 1# - MAIN ENTRY--PERSONAL NAME | |
| Personal name | Khan, Shaharyar M. |
| 245 10 - TITLE STATEMENT | |
| Title | Cricket : |
| Remainder of title | A bridge of peace / |
| Statement of responsibility, etc. | Shaharyar M. Khan. |
| 260 ## - PUBLICATION, DISTRIBUTION, ETC. | |
| Place of publication, distribution, etc. | Karachi : |
| Name of publisher, distributor, etc. | Oxford University Press, |
| Date of publication, distribution, etc. | 2005. |
| 300 ## - PHYSICAL DESCRIPTION | |
| Extent | ix, 238 p. : |
| Other physical details | ill. ; |
| Dimensions | 23 cm. |
| 505 ## - FORMATTED CONTENTS NOTE | |
| Formatted contents note | The Pakistan Cricket Team Tour of India (Page-3), The Pakistan Cricket Team at the World Cup South Africa ,2003 (Page-103). |
| 600 10 - SUBJECT ADDED ENTRY--PERSONAL NAME | |
| Personal name | Khan, Shaharyar M. |
| 9 (RLIN) | 108146 |
| 650 #0 - SUBJECT ADDED ENTRY--TOPICAL TERM | |
| Topical term or geographic name entry element | Cricket players |
| General subdivision | Travel |
| Geographic subdivision | India. |
| 9 (RLIN) | 108147 |
| 650 #0 - SUBJECT ADDED ENTRY--TOPICAL TERM | |
| Topical term or geographic name entry element | Cricket players |
| General subdivision | Travel |
| Geographic subdivision | South Africa. |
| 9 (RLIN) | 108148 |
| 650 #0 - SUBJECT ADDED ENTRY--TOPICAL TERM | |
| Topical term or geographic name entry element | Cricket |
| Geographic subdivision | Pakistan. |
| 9 (RLIN) | 108149 |
| 856 42 - ELECTRONIC LOCATION AND ACCESS | |
| Materials specified | Publisher description |
| Uniform Resource Identifier | <a href="http://www.loc.gov/catdir/enhancements/fy0627/2005305407-d.html">http://www.loc.gov/catdir/enhancements/fy0627/2005305407-d.html</a> |
| 942 ## - ADDED ENTRY ELEMENTS (KOHA) | |
| Source of classification or shelving scheme | |
| Koha item type | Book |
| Call number prefix | 796.358,KHA |
| Withdrawn status | Lost status | Source of classification or shelving scheme | Damaged status | Not for loan | Collection code | Permanent Location | Current Location | Date acquired | Total Checkouts | Full call number | Barcode | Date last seen | Price effective from | Koha item type |
|---|---|---|---|---|---|---|---|---|---|---|---|---|---|---|
| Military College of Signals (MCS) | Military College of Signals (MCS) | 12/12/2016 | 796.358 KHA | MCS31094 | 12/08/2016 | 12/12/2016 | Book |
